00576nam a2200121Ia 4500008004100000100001900041245022200060245003400282260005300316260000900369650001500378856006100393170221s9999 xx 000 0 und d aChin Swee Kwan 4aThe Relationship Between Leadership, Span of Control, Perception of Islamic Products and Services, Perception of Internal Service Quality and the Agents’ Job Satisfaction: A Case of Unit Trust Agents in Johor Bahru  cChin Swee Kwan, Filzah Md Isa bInternational Review of Management and Marketing c2012 xMarketing. uhttp://www.econjournals.com/index.php/irmm/issue/view/97